000 00306nam a22001337a 4500
008 180109b xxu||||| |||| 00| 0 eng d
020 _a0849369177
041 _aeng
080 _a54
100 _a13
101 _aKIM
245 _aCELLULAR ANTIOXIDANT DEFENSE MECHANISM
_cCHOW.CH.K
942 _2udc
_cBK
999 _c39863
_d39863